000 01409nam a2200361 c 4500
999 _c158149
_d158149
003 BLK
005 20250609171658.0
008 180410b bul|||||r ||||||| ||bul||
010 _aKNG00165156000
020 _a978-619-150-041-3
040 _aBLK
041 _aBUL
_cBUL
072 7 _2bullib
_aН83
_xЧужда художествена литература Н
080 _aАнглийска литература
_b821.111
_x-31
_z821.111-31
100 1 _aЕлиът, Джордж
_eпърви автор
_9332504
139 _aЕлиът, Джордж
_bЕ 53
245 1 0 _aМидълмарч
_cДжордж Елиът; прев. от англ. Весела Тодорова Кацарова.
257 _aGBR
260 _bКолибри
_c2013
_fСофия : Симолини
300 _a880 с.
_c20 см
380 _aX
490 1 _aСветовна класика
500 _aОриг. загл.: Middlemarch: A study of provincial life / George Eliot. - Джордж Елиът - псевд. на Мери Ан Евънс
659 _aН
700 1 _aКацарова, Весела Тодорова
_eпрев. от англ.
_9365253
852 _aЦб 270847
856 4 _qpdf
856 4 _qpdf
942 _cKNG
_n0
_013
_s1
944 _aCR
_c23.09.2014
_k30576
_lЦветомила Тодорова
944 _aED
_c19.08.2016
_kВиолета_Тройчева
999 _d158149